000 00462cam a2200193ua 4500
001 2865
005 20260515113608.0
008 110913n ii |||gr||||Z||||||asm
040 _cMAIN
082 _a920
100 1 _aDutta, Hem Chandra,
_eAuthor.
245 1 1 _aMahatma Gandhi
_cby Hem Chandra Dutta
250 _a2nd.
260 _aJorhat:
_bLabanya Dutta,968-69.
300 _a281p:
_c23cm.
653 _aBiography
653 _aMahatma Gandhi
942 _cBK
999 _c2712
_d2712